00498nam a2200169Ia 450000500170000000800410001702000140005808200130007210000140008524500550009926000280015430000190018265000130020194200060021495200950022099900130031520240712011029.0240331s9999 xx 000 0 und d a041510956 a193bWEI aWeigel, S 0aBody and image space :bRe reading Walter Benjamin aLondonbRoutledgec1996 axvii, 204 p ., aPolitics cL 001040708LaWERCLbWERCLcSSCd2024-03-31l0o 193 WEIp2701r2024-03-31w2024-03-31yL c762d762